Egy édenkert tüskéi

Bibliographic Details
Main Author: Csehy, Zoltán, 1973- (Author)
Format: Article
Language:Hungarian
PhysicalDescription:Fotogr.
Subjects:

MARC

LEADER 00000nab a2200000 ar4500
001 vtls009003744
003 SK-MaSNL
005 20260319071300.0
008 070417c20070407xo ||||||o| 000 b|hun
015 |a SNBRB2007/04  |2 snkbucl 
038 |a SNKBUCL 
040 |a DSZK  |b slo  |c DSZK  |e AACR2 
041 0 |a hun 
044 |a xo  |c SK 
080 |a 78.071.1:782.1  |2 1997 
080 |a 782.1  |2 1997 
100 1 |a Csehy, Zoltán,  |d 1973-  |4 aut  |9 86541 
245 1 0 |a Egy édenkert tüskéi  |c Csehy Zoltán 
300 |b Fotogr. 
600 1 7 |a Sciarrino, Salvatore,  |d 1947-  |t Luci mie traditrici  |2 snkbucl  |9 1065868 
650 0 7 |a nahrávky CD  |2 snkbucl  |9 19639 
655 7 |a recenzie  |2 snkbucl  |9 21907 
773 0 |t Új szó  |g Évf. 60, sz. 81 (7.4.2007), o. 15 
773 0 8 |i Mell.:  |t Szalon  |g Évf. 1, sz. 13 (2007) 
852 |a SNK  |b KIS3GCP 
852 |a DSZK  |b KIS3GCP 
958 |a HU 
958 |a IT 
958 |a RC 
999 |c 1751842  |d 1753772